• 首页
  • 本馆介绍
  • 公告通知
  • 最新文献
  • 馆藏检索
  • 电子资源
  • 读者导购
  • 参考咨询
  • 我的图书馆
  • 登录
  • 详细信息显示
  • 放入我的书架
  • 预约/预借图书
  • 作者相关作品
  • 分类相关作品
  • 丛书相关作品
  • 出版社相关作品

书目信息

  • 表格格式
  • 工作单格式
  • 卡片格式
题名:
公民常识教育研究报告
    
 
作者: 王东虓 , 张宜海 主编 ;李荣明 主编
分册:   小学卷
出版信息: 郑州   郑州大学出版社  2013
页数: 303页
开本: 24cm
丛书名: 公民教育文库
单 册:
中图分类: D648.3 , G623.1
科图分类:
主题词: 公民教育--研究报告--中国 , 公民教育--小学--研究报告--中国 , 公民教育
电子资源:
ISBN: 978-7-5645-1617-8
000 01049nam0 2200325 450
001 012015000095
005 20151210153518.21
010    @a978-7-5645-1617-8@dCNY39.00
100    @a20140429d2013 em y0chiy50 ea
101 0  @achi
102    @aCN@b410000
105    @ay z 000yy
106    @ar
200 1  @a公民常识教育研究报告@Agong min chang shi jiao yu yan jiu bao gao@i小学卷@f公民教育实践研究项目组编著
210    @a郑州@c郑州大学出版社@d2013
215    @a303页@d24cm
225 2  @a公民教育文库
314    @a主编:王东虓、张宜海、李荣明
330    @a本书主要内容包括:公民教育调查概况、公民身份、公民权利、公民义务、公民意识、公民生活等。
410  0 @12001 @a公民教育文库
606 0  @a公民教育@x研究报告@y中国
606 0  @a公民教育@x小学@x研究报告@y中国
606 0  @a公民教育
690    @aD648.3@v5
690    @aG623.1@v5
701  0 @a王东虓@Awang dong xiao@4主编
701  0 @a张宜海@Azhang yi hai@4主编
702  0 @a李荣明@Ali rong ming@4主编
801  0 @aCN@b碧洲教育@c20151129
905    @a10447@f3@dD648.3@e173
    
    公民常识教育研究报告.小学卷/公民教育实践研究项目组编著.-郑州:郑州大学出版社,2013
    303页;24cm.-(公民教育文库)
    
    
    ISBN 978-7-5645-1617-8:CNY39.00
    本书主要内容包括:公民教育调查概况、公民身份、公民权利、公民义务、公民意识、公民生活等。
●
相关链接 在E读中查询图书 在五车中查询图书 在当当中查询图书 在豆瓣中查询图书


正题名:公民常识教育研究报告     索取号:D648.3/173         预约/预借

序号 登录号 条形码 馆藏地/架位号 状态 备注
1 0872160   208721604   第一样本阅览室/ [索取号:D648.3/173] 在馆    
2 0872161   208721613   教育系资料室/ [索取号:D648.3/173] 在馆    
3 0872162   208721622   教育系资料室/ [索取号:D648.3/173] 在馆    
唐山师范学院图书馆 欢迎您!
大连网信软件有限公司© 版权所有